Monetary economics/ (Record no. 1039)

MARC details
000 -LEADER
fixed length control field 00549cam a2200217ua 4500
005 - DATE AND TIME OF LATEST TRANSACTION
control field 20201204113338.0
008 - FIXED-LENGTH DATA ELEMENTS--GENERAL INFORMATION
fixed length control field 110428n ii |||gr||||Z||||||eng
020 ## - INTERNATIONAL STANDARD BOOK NUMBER
International Standard Book Number 81-87125-96-9
040 ## - CATALOGING SOURCE
Transcribing agency MAIN
Original cataloging agency IN-DiNC
041 ## - LANGUAGE CODE
Language code of sung or spoken text English
082 ## - DEWEY DECIMAL CLASSIFICATION NUMBER
Classification number 332.46
Item number JHI
100 ## - MAIN ENTRY--PERSONAL NAME
Personal name Jhingan, ML
Relator term Author
245 1# - TITLE STATEMENT
Title Monetary economics/
Statement of responsibility, etc. By M L Jhingan.
250 ## - EDITION STATEMENT
Edition statement 6th.
260 ## - PUBLICATION, DISTRIBUTION, ETC.
Place of publication, distribution, etc. Delhi.:
Name of publisher, distributor, etc. Vrinda.,
Date of publication, distribution, etc. 2006.
300 ## - PHYSICAL DESCRIPTION
Extent xv, 718 p.:
Dimensions 25 cm.
650 ## - SUBJECT ADDED ENTRY--TOPICAL TERM
Topical term or geographic name entry element Economics
942 ## - ADDED ENTRY ELEMENTS (KOHA)
Koha item type Books
Source of classification or shelving scheme Dewey Decimal Classification
653 ## - INDEX TERM--UNCONTROLLED
Uncontrolled term Political science.
653 ## - INDEX TERM--UNCONTROLLED
Uncontrolled term Monetary economics.
Holdings
Withdrawn status Lost status Damaged status Not for loan Home library Current library Shelving location Date acquired Total Checkouts Full call number Barcode Date last seen Date last checked out Copy number Price effective from Koha item type
        Central Library, Naharkatiya College Central Library, Naharkatiya College General Stacks 19/09/2020 8 332.46 | JHI 17708 31/08/2024 08/08/2024 2 19/09/2020 Books
        Central Library, Naharkatiya College Central Library, Naharkatiya College General Stacks 19/09/2020 4 332.46 | JHI 17709 30/08/2023 25/08/2023 1 19/09/2020 Books

Naharkatiya College © 2020. All rights reserved.

Powered By